Carregant...

Ancient history of Deccan

Dades bibliogràfiques
Autor principal: Jouveau , Dubreuil G
Format: Printed Book
Publicat: Newdelhi Classical pub. 1920
Matèries:
LEADER 00435nam a22001337a 4500
082 |a 954.8 
100 |a Jouveau , Dubreuil G 
245 |a Ancient history of Deccan 
260 |a Newdelhi  |b Classical pub.  |c 1920 
300 |a 104p 
650 |a History of Deccan 
942 |c BK 
999 |c 288620  |d 288620 
952 |0 0  |1 0  |4 0  |6 954_800000000000000_JOU_A  |7 0  |9 328055  |a HIS  |b HIS  |c ST1  |d 2014-06-19  |i 18255  |l 0  |o 954.8 JOU / A  |p HIS18255  |r 2018-08-23  |w 2018-08-23  |y BK